| 000 | 00859cab a2200265 4500 | ||
|---|---|---|---|
| 001 | WB3129-35 | ||
| 008 | 090401t1995 xxu||||| |||| 00| 0 eng d | ||
| 035 | _a(Sirsi) u40998 | ||
| 041 | _aeng | ||
| 245 | _aSolicitors | ||
| 260 | _c1995 | ||
| 350 | _a0 | ||
| 490 |
_aEstates Gazette Case Summaries _v1995 EGCS 129 (22/7/95) |
||
| 520 | _a"Mortgage Express Ltd v Bowerman & Partners" CA 11 July 1995. Upheld HC decision that defendant solicitors were liable for damages of £117,549.19 on grounds of negligence. Appeal dismissed. | ||
| 650 | _aCONFLICTS OF INTEREST | ||
| 650 | _aDAMAGES | ||
| 650 | _aDISCLOSURE OF INFORMATION | ||
| 650 | _aLIABILITY | ||
| 650 | _aMORTGAGE VALUATONS | ||
| 650 | _aNEGLIGENCE | ||
| 650 | _aSOLICITORS | ||
| 690 | _aMANAGEMENT-BUSINESS MANAGEMENT-PROFESSIONAL PRACTICE | ||
| 942 | _n0 | ||
| 948 | _c04/03/1997 | ||
| 999 |
_c26308 _d26308 |
||